[Event "AUTO-BEG-44"]
[Site "http://www.queenalice.com/game.php?id=166683"]
[Date "2007.2.10"]
[Round "2"]
[White "Fernando_Bilk_Marques"]
[Black "Silver_Surfer"]
[Result "0-1"]
[WhiteElo "1501"]
[BlackElo "1534"]

1. e4 e5 2. Nf3 Nc6 3. Bb5 Nf6 4. Nc3 Bd6 5. d3 O-O 6. O-O a6 7. Ba4 b5 8. Bb3
Na5 9. Bg5 c5 10. Nd5 Be7 11. Nxf6+ Bxf6 12. Bd5 Bb7 13. Bxb7 Nxb7 14. Bxf6 Qxf6
15. c3 Na5 16. a4 h6 17. b4 cxb4 18. cxb4 Nc6 19. axb5 axb5 20. Qb3 Qe6 21. Qc3
Qd6 22. Rfb1 Rfc8 23. Rxa8 Rxa8 24. Ne1 Nd4 25. Qc5 Qa6 26. Kf1 Qa2 27. Rc1 Qe2+
28. Kg1 Ra2 29. Qc8+ Kh7 30. Qxd7 Qxf2+ 31. Kh1 Qf1# 0-1

[Event "AUTO-BEG-44"]
[Site "http://www.queenalice.com/game.php?id=166684"]
[Date "2007.2.10"]
[Round "2"]
[White "Silver_Surfer"]
[Black "MarcosSP41"]
[Result "0-1"]
[WhiteElo "1516"]
[BlackElo "1541"]

1. Nf3 Nc6 2. d4 Nf6 3. d5 Nb4 4. c4 c5 5. Nc3 Qa5 6. Bd2 g6 7. e4 Nd3+ 8. Bxd3
e5 9. dxe6 fxe6 10. Nd5 Qd8 11. Nxf6+ Qxf6 12. Bc3 Qf4 13. Bxh8 g5 14. Ne5 g4
15. Nxg4 Bh6 16. Bf6 b6 17. e5 Ba6 18. Nxh6 d5 19. Qa4+ Kf8 20. Qc6 Rd8 21. Qxe6
Qxh6 0-1

[Event "AUTO-BEG-44"]
[Site "http://www.queenalice.com/game.php?id=166685"]
[Date "2007.2.10"]
[Round "2"]
[White "MarcosSP41"]
[Black "Silver_Surfer"]
[Result "1-0"]
[WhiteElo "1525"]
[BlackElo "1532"]

1. e4 e5 2. Nc3 Nf6 3. Nf3 Nc6 4. d3 d5 5. Nb5 dxe4 6. dxe4 Qxd1+ 7. Kxd1 Nxe4
8. Nxc7+ Kd8 9. Nxa8 Nxf2+ 10. Ke1 Nxh1 11. Ng5 Ke7 12. Bc4 f6 13. Ne4 Nb4 14.
Kf1 Bf5 15. Bd3 Nxd3 16. cxd3 Kd7 17. Kg1 Be7 18. Be3 Rxa8 19. Nc5+ Kc6 20. Rc1
b6 21. Ne6+ Kd7 22. Nxg7 Bg6 23. Rd1 Rg8 24. d4 Rxg7 25. dxe5+ 1-0

[Event "Chess!"]
[Site "http://www.queenalice.com/game.php?id=203309"]
[Date "2007.4.27"]
[Round "-"]
[White "Silver_Surfer"]
[Black "Blackadder"]
[Result "1-0"]
[WhiteElo "1581"]
[BlackElo "1963"]

1. Nf3 d5 2. d4 Nc6 3. g3 Nf6 4. Bg2 Bf5 5. O-O e6 6. Nh4 Bg6 7. Nc3 Bb4 8. a3
Be7 9. Nxg6 hxg6 10. Qd3 a6 11. Rb1 O-O 12. Rd1 Qd7 13. Bf4 Bd6 14. Bd2 Rab8 15.
e4 dxe4 16. Nxe4 Nxe4 17. Bxe4 Be7 18. c3 f5 19. Bg2 Ne5 20. Qe2 Nf7 21. Re1 Nd8
22. d5 Re8 23. dxe6 Qc8 24. Bd5 c6 25. Bb3 b5 26. g4 c5 27. gxf5 gxf5 28. Qh5
Rf8 29. Bh6 c4 30. Qg6 Bf6 31. Bc2 Nxe6 32. Bxf5 Rb6 33. Rxe6 Rxe6 34. Bxg7 1-0

[Event "Chess!"]
[Site "http://www.queenalice.com/game.php?id=203310"]
[Date "2007.4.27"]
[Round "-"]
[White "Blackadder"]
[Black "Silver_Surfer"]
[Result "0-1"]
[WhiteElo "1988"]
[BlackElo "1549"]

1. d4 d5 2. c4 e6 3. cxd5 exd5 4. Nc3 Nf6 5. Bf4 Bd6 6. Bg5 O-O 7. e3 c6 8. Nf3
h6 9. Bh4 Bf5 10. Bd3 Bxd3 11. Qxd3 Nbd7 12. O-O Re8 13. Ne2 Qc7 14. Bg3 Ne4 15.
Bxd6 Qxd6 16. Ng3 a5 17. Nxe4 dxe4 18. Qb3 exf3 19. gxf3 Ra6 20. Kh1 Qf6 21. f4
Rb6 22. Qc3 Qh4 23. Qd2 Nf6 24. f3 Nd5 25. Rae1 Nxe3 26. Rxe3 Rxe3 27. Qxe3 Rxb2
28. Qg1 Rxa2 29. f5 a4 0-1

[Event "áskorun"]
[Site "http://www.queenalice.com/game.php?id=203347"]
[Date "2007.4.27"]
[Round "-"]
[White "Steinarfyrsti"]
[Black "Silver_Surfer"]
[Result "0-1"]
[WhiteElo "1554"]
[BlackElo "1516"]

1. d4 d5 2. c4 Nc6 3. e3 e6 4. cxd5 exd5 5. Bb5 Bd6 6. Nf3 a6 7. Bxc6+ bxc6 8.
Nc3 Nf6 9. Bd2 O-O 10. h3 Re8 11. Rc1 Rb8 12. O-O Rxb2 13. Rb1 Rxb1 14. Qxb1 Ne4
15. Nxe4 dxe4 16. Nh2 c5 17. dxc5 Bxh2+ 18. Kxh2 Qxd2 19. g4 h5 0-1

[Event "Let's Play Chess!"]
[Site "http://www.queenalice.com/game.php?id=224529"]
[Date "2007.6.13"]
[Round "-"]
[White "Kronista"]
[Black "Silver_Surfer"]
[Result "0-1"]
[WhiteElo "1806"]
[BlackElo "1622"]

1. d4 d5 2. Nf3 Nf6 3. Nc3 e6 4. Bg5 c5 5. e3 Nc6 6. Bd3 Be7 7. O-O O-O 8. b3
Qa5 9. Qd2 c4 10. Be2 Bb4 11. Rab1 Bxc3 12. Qc1 Ne4 13. Bd3 cxd3 14. cxd3 Nxg5
15. Nxg5 Nxd4 16. exd4 Bd2 17. Qd1 Bxg5 18. f4 Bf6 19. Qh5 Qxa2 20. Rbe1 Bxd4+
21. Kh1 Bd7 22. Rf3 Rac8 23. Rh3 h6 24. Qg4 e5 25. f5 Qf2 26. Rd1 Bxf5 0-1

[Event "AUTO-ADV-530"]
[Site "http://www.queenalice.com/game.php?id=227727"]
[Date "2007.6.20"]
[Round "1"]
[White "IkeBroflovski"]
[Black "Silver_Surfer"]
[Result "0-1"]
[WhiteElo "1546"]
[BlackElo "1645"]

1. Nf3 Nc6 2. d4 d5 3. c4 Nf6 4. cxd5 Qxd5 5. Nc3 Qa5 6. Bd2 Qf5 7. e3 Bd7 8.
Be2 e5 9. dxe5 Nxe5 10. Nxe5 Qxe5 11. O-O O-O-O 12. Bf3 h5 13. Qb3 c6 14. Na4
Ng4 15. g3 h4 0-1

[Event "AUTO-ADV-530"]
[Site "http://www.queenalice.com/game.php?id=227728"]
[Date "2007.6.20"]
[Round "1"]
[White "Silver_Surfer"]
[Black "IkeBroflovski"]
[Result "1-0"]
[WhiteElo "1611"]
[BlackElo "1498"]

1. Nf3 Nf6 2. d4 d5 3. Nc3 e6 4. Bf4 Bd6 5. e3 Bxf4 6. exf4 Nc6 7. Bb5 Bd7 8.
O-O O-O 9. Re1 a6 10. Bxc6 Bxc6 11. Ne5 Nd7 12. Re3 Nxe5 13. fxe5 b5 14. Ne2 Bd7
15. Nf4 Qe7 16. Nh5 1-0

[Event "AUTO-ADV-530"]
[Site "http://www.queenalice.com/game.php?id=227745"]
[Date "2007.6.20"]
[Round "1"]
[White "Silver_Surfer"]
[Black "xandudz"]
[Result "1-0"]
[WhiteElo "1657"]
[BlackElo "1664"]

1. Nf3 Nc6 2. d4 d5 3. g3 Bg4 4. Bg2 h6 5. Ne5 Nxe5 6. dxe5 e6 7. c4 d4 8. Bxb7
Qd7 9. Bxa8 Bc5 10. Nd2 Ne7 11. Nb3 Bb4+ 12. Bd2 Bxd2+ 13. Qxd2 Nc6 14. Nc5 Qe7
15. Bxc6+ Kf8 16. Qxd4 Bh3 17. O-O-O Qg5+ 18. f4 Qe7 19. Qd8+ Qxd8 20. Rxd8+ Ke7
21. Rxh8 f5 22. Rd1 Kf7 23. Be8+ Ke7 24. Rd7# 1-0

[Event "AUTO-ADV-530"]
[Site "http://www.queenalice.com/game.php?id=227746"]
[Date "2007.6.20"]
[Round "1"]
[White "xandudz"]
[Black "Silver_Surfer"]
[Result "0-1"]
[WhiteElo "1610"]
[BlackElo "1673"]

1. Nf3 d5 2. d4 Nf6 3. h3 Nc6 4. Bf4 Bf5 5. e3 e6 6. Bb5 Bd6 7. Ne5 O-O 8. Nxc6
bxc6 9. Bxc6 Rb8 10. O-O Rxb2 11. Ba4 Bxf4 12. exf4 Rb4 13. Bb3 Qd6 14. Qd2 c5
15. c3 Rb6 16. Qe3 c4 17. Ba4 Rb2 18. Nd2 Qa3 19. Bc6 Qa6 20. Nxc4 Qxc4 21. Bxd5
Nxd5 22. Qc1 Rfb8 23. g4 Qd3 24. Kh2 Qf3 25. gxf5 Rxf2+ 26. Rxf2 Qxf2+ 27. Kh1
Ne3 28. Qg1 Qf3+ 29. Kh2 Rb2+ 30. Qg2 Qxg2# 0-1

[Event "AUTO-ADV-530"]
[Site "http://www.queenalice.com/game.php?id=227747"]
[Date "2007.6.20"]
[Round "1"]
[White "Silver_Surfer"]
[Black "cyrus"]
[Result "1-0"]
[WhiteElo "1703"]
[BlackElo "1705"]

1. Nf3 d5 2. d4 Nf6 3. g3 e6 4. Nc3 Nc6 5. Bg2 g6 6. O-O Bg7 7. Bf4 O-O 8. Qd3
Nb4 9. Qd2 b6 10. Ne5 c5 11. dxc5 bxc5 12. a3 Na6 13. Bf3 c4 14. Nxc4 Nc7 15. a4
Ne4 16. Bxe4 dxe4 17. Qxd8 Rxd8 18. Bxc7 Rd4 19. Ne5 Rd2 20. Rad1 Rxd1 21. Rxd1
Ba6 22. Rd7 h5 23. Bd6 Bxe5 24. Bxe5 f5 25. Rg7+ Kf8 26. Nb5 Bb7 27. Rxb7 1-0

[Event "AUTO-ADV-530"]
[Site "http://www.queenalice.com/game.php?id=227748"]
[Date "2007.6.20"]
[Round "1"]
[White "cyrus"]
[Black "Silver_Surfer"]
[Result "0-1"]
[WhiteElo "1722"]
[BlackElo "1686"]

1. e4 e5 2. Nf3 Nc6 3. Bc4 Bc5 4. c3 Nf6 5. d3 O-O 6. O-O Bb6 7. Bg5 h6 8. Bxf6
Qxf6 9. Nbd2 d6 10. h3 Ne7 11. a4 a5 12. d4 Ng6 13. Ra3 Nf4 14. d5 Qg6 15. Nh4
Qg3 16. Ndf3 Bxh3 17. Kh1 Bxg2+ 0-1

[Event "AUTO-ADV-530"]
[Site "http://www.queenalice.com/game.php?id=338520"]
[Date "2008.1.18"]
[Round "2"]
[White "Silver_Surfer"]
[Black "aormic"]
[Result "1-0"]
[WhiteElo "1713"]
[BlackElo "2186"]

1. Nf3 Nf6 2. Nc3 d5 3. d4 c6 4. g3 e6 5. Bf4 Nbd7 6. Bg2 Be7 7. Qd3 O-O 8. O-O
a6 9. e4 dxe4 10. Nxe4 Nxe4 11. Qxe4 Nf6 12. Qe2 Nd5 13. Bd2 Bf6 14. a4 a5 15.
c3 Re8 16. Ne5 Be7 17. Be4 Nf6 18. Bc2 c5 19. dxc5 Bxc5 20. Rfd1 Qe7 21. Bg5 h6
22. Bxf6 Qxf6 23. Be4 Bxf2+ 24. Kg2 Bxg3 25. hxg3 1-0

[Event "AUTO-ADV-530"]
[Site "http://www.queenalice.com/game.php?id=338521"]
[Date "2008.1.18"]
[Round "2"]
[White "aormic"]
[Black "Silver_Surfer"]
[Result "1-0"]
[WhiteElo "2147"]
[BlackElo "1743"]

1. e4 e5 2. Nf3 Nc6 3. Bb5 Nf6 4. O-O Be7 5. Re1 O-O 6. Bxc6 dxc6 7. Nxe5 Qd4 8.
Nf3 Qb6 9. d4 Bg4 10. c3 Rfd8 11. Nbd2 h6 12. Nc4 Qa6 13. Ne3 c5 14. Nxg4 Nxg4
15. h3 Nf6 16. Qb3 cxd4 17. cxd4 Rd6 18. Bf4 Rb6 19. Qc2 Rc6 20. Qd2 Re6 21. Ne5
Bd6 22. Nxf7 Kxf7 23. e5 Rae8 24. exd6 cxd6 25. Rxe6 Rxe6 26. Be3 Re7 27. a3 Ne4
28. Qc2 1-0

[Event "AUTO-ADV-530"]
[Site "http://www.queenalice.com/game.php?id=338522"]
[Date "2008.1.18"]
[Round "2"]
[White "Silver_Surfer"]
[Black "Marchess"]
[Result "0-1"]
[WhiteElo "1717"]
[BlackElo "2017"]

1. Nf3 d5 2. d4 Nf6 3. Nc3 e6 4. Bf4 Bb4 5. g3 Nbd7 6. Bg2 c5 7. O-O O-O 8. Nb5
Ba5 9. Bd6 Re8 10. Bxc5 Ne4 11. Ba3 Qb6 12. c4 dxc4 13. Ng5 Nxg5 14. Nd6 Rd8 15.
Nxc4 Qb5 16. Qb3 Qxb3 0-1

[Event "AUTO-ADV-530"]
[Site "http://www.queenalice.com/game.php?id=338523"]
[Date "2008.1.18"]
[Round "2"]
[White "Marchess"]
[Black "Silver_Surfer"]
[Result "1-0"]
[WhiteElo "2013"]
[BlackElo "1721"]

1. e4 Nc6 2. d4 d5 3. e5 e6 4. f4 Nh6 5. Nf3 Nf5 6. c3 Be7 7. Bd3 O-O 8. Bxf5
exf5 9. Be3 b6 10. Nbd2 h6 11. O-O Ba6 12. Re1 Bd3 13. Nb3 Be4 14. Nbd2 a5 15.
Nf1 a4 16. N1d2 Qd7 17. Rc1 Nd8 18. Kh1 1-0